书目信息 |
| 题名: |
秘书行政指南
|
|
| 作者: | 廖金泽 著 | |
| 分册: | ||
| 出版信息: | 北京 首都经济贸易大学出版社 2007 |
|
| 页数: | 230页 | |
| 开本: | 23cm | |
| 丛书名: | 现代秘书实用指南丛书 | |
| 单 册: | ||
| 中图分类: | D035.1 | |
| 科图分类: | ||
| 主题词: | 行政管理--秘书--工作 , 行政管理 , 秘书 , 国家理论 | |
| 电子资源: | ||
| ISBN: | 978-7-5638-1366-7 | |
| 000 | 00822oam2 2200277 450 | |
| 001 | 1252238171 | |
| 005 | 20121004143334.23 | |
| 010 | @a978-7-5638-1366-7@dCNY23.00 | |
| 100 | @a20070608d2007 em y0chiy50 ea | |
| 101 | 0 | @achi |
| 102 | @aCN@b110000 | |
| 105 | @ay z 000yy | |
| 200 | 1 | @a秘书行政指南@Ami shu xing zheng zhi nan@f廖金泽著 |
| 210 | @a北京@c首都经济贸易大学出版社@d2007 | |
| 215 | @a230页@d23cm | |
| 225 | 2 | @a现代秘书实用指南丛书 |
| 330 | @a本书内容包括:行政事务、人事事务、助理事务、协调事务、后勤事务,以及管理制度范例。 | |
| 461 | 0 | @12001 @a现代秘书实用指南丛书 |
| 606 | 0 | @a行政管理@x秘书@x工作 |
| 606 | 0 | @a行政管理 |
| 606 | 0 | @a秘书 |
| 606 | 0 | @a国家理论 |
| 690 | @aD035.1@v4 | |
| 701 | 0 | @a廖金泽@Aliao jin ze@4著 |
| 801 | 0 | @aCN@bNLC@c20101222 |
| 905 | @a10447@dD035.1@eJY91 | |
| 秘书行政指南/廖金泽著.-北京:首都经济贸易大学出版社,2007 |
| 230页;23cm.-(现代秘书实用指南丛书) |
| ISBN 978-7-5638-1366-7:CNY23.00 |
| 本书内容包括:行政事务、人事事务、助理事务、协调事务、后勤事务,以及管理制度范例。 |
| ● |
| 相关链接 |
|
|
|
|
正题名:秘书行政指南
索取号:D035.1/JY91
 
预约/预借
| 序号 | 登录号 | 条形码 | 馆藏地/架位号 | 状态 | 备注 |
| 1 | 7811403 | 278114032 | 学院路分馆/ [索取号:D035.1/JY91] | 在馆 | |
| 2 | 7811404 | 278114041 | 学院路分馆/ [索取号:D035.1/JY91] | 在馆 |